000 00574cam a22001933a 4500
001 39228
003 PGUSA
005 20140828083854.0
008 120322s2012||||xxu|||||s|||||000 | eng d
040 _aPGUSA
_beng
042 _adc
245 1 0 _aWoodbine-Arbor; or the Little Gardeners :
_bA Story of a Happy Childhood
_h[electronic resource] /
_cAnonymous
260 _bProject Gutenberg,
_c2012
506 _aPublic domain in the USA.
516 _aElectronic text
830 0 _aProject Gutenberg
_v39228
856 4 0 _uhttp://www.gutenberg.org/ebooks/39228
942 _cEB
999 _c268481
_d268481